Guess The Anime Opening Song 2 - Statistics

General Stats
  • This quiz has been taken 95 times
  • The average score is 3 of 10
Answer Stats
Anime Song Title % Correct
Yuri on Ice Opening 1 History Maker
63%
No Game No Life Opening 1 This Game
51%
Darling in the FRANXX Opening 1 Kiss of Death
41%
Akame Ga Kill Opening 2 Liar Mask
32%
Fate/Zero Opening 1 Oath Sign
32%
Overlord Opening 1 Clattanoia
30%
Trinity Seven Opening 1 Seven Doors
12%
Noragami Opening 1 Hello Sleepwalkers
7%
Azur Lane Opening 1 Graphite/Diamond
4%
My Hero Academia Opening 6 Blue Encount
1%
No matching quizzes found
Score Distribution
Percent of People with Each Score
Percentile by Number Answered
Your Score History
You have not taken this quiz